[Event "AUTO-OPEN-4639"]
[Site "http://www.queenalice.com/game.php?id=1869406"]
[Date "2026.2.18"]
[Round "1"]
[White "Castling"]
[Black "mvson33"]
[Result "0-1"]
[WhiteElo "1817"]
[BlackElo "1867"]

1. e4 e5 2. Bc4 Nf6 3. d3 Be7 4. h3 O-O 5. Nc3 d6 6. Nf3 Nc6 7. a3 Bd7 8. Be3
Qc8 9. Nd5 Qd8 10. Qd2 Kh8 11. Ng5 Rc8 12. Nxe7 Qxe7 13. Nxf7+ Rxf7 14. Bxf7
Qxf7 15. Qc3 Rf8 16. O-O-O h6 17. f4 exf4 18. Bxf4 Nxe4 19. dxe4 Qxf4+ 20. Qd2
Qxe4 21. g4 Ne5 22. Rde1 Qf4 23. Qxf4 Rxf4 24. b3 Bc6 25. Rhf1 Rxf1 26. Rxf1 Kg8
27. a4 Bg2 28. Rd1 Bxh3 29. Rg1 Bxg4 30. Kd2 Nf3+ 0-1

[Event "AUTO-OPEN-4639"]
[Site "http://www.queenalice.com/game.php?id=1869427"]
[Date "2026.2.18"]
[Round "1"]
[White "juim"]
[Black "Castling"]
[Result "1-0"]
[WhiteElo "1519"]
[BlackElo "1728"]

1. e4 e5 2. d4 Bb4+ 3. Bd2 Nc6 4. Bxb4 Nxb4 5. a3 Nc6 6. d5 Nd4 7. c3 Nf3+ 8.
Qxf3 Qf6 9. Nd2 d6 10. O-O-O h5 11. Nh3 Qxf3 12. Nxf3 Bg4 13. Nhg5 f6 14. Ne6
Bxe6 15. dxe6 O-O-O 16. g3 Ne7 17. Nh4 g5 18. Nf5 Nxf5 19. exf5 a6 20. Bg2 Rhe8
21. Bd5 Re7 22. h4 g4 23. Rd3 c5 24. f3 Rg8 25. fxg4 Rxg4 26. c4 b6 27. b4 Kc7
28. b5 a5 29. Rg1 e4 30. Re3 Reg7 31. Bxe4 Kd8 32. Kc2 Ke7 33. Kc3 Rg8 34. Bc6
R8g7 35. Kd3 Rd4+ 36. Kc3 Rdg4 37. Rf3 Rxh4 38. gxh4 Rxg1 39. Rd3 a4 40. Bf3
Rc1+ 41. Kb2 Rxc4 42. Be2 Rxh4 43. Kc3 Rf4 44. Rd5 h4 45. Bc4 h3 46. Rd3 h2 47.
Rd1 Rf3+ 48. Bd3 Rg3 49. Rh1 Rg2 50. Bc2 Rg3+ 51. Kb2 Rg2 52. Kc3 d5 53. Bxa4
d4+ 54. Kc4 Rf2 55. Kd5 d3 56. Kc6 Rxf5 57. Rxh2 Kxe6 58. Kxb6 c4 59. Kc6 Rd5
60. Rh4 f5 61. Rxc4 Ke5 62. Rc5 Rxc5+ 63. Kxc5 f4 64. Bd1 Ke4 65. b6 f3 66. b7
f2 67. b8=Q f1=Q 68. Qe8+ 1-0

[Event "AUTO-OPEN-4619"]
[Site "http://www.queenalice.com/game.php?id=1869534"]
[Date "2026.2.21"]
[Round "2"]
[White "josebaron"]
[Black "Castling"]
[Result "1-0"]
[WhiteElo "2168"]
[BlackElo "1767"]

1. e4 e5 2. Nf3 d6 3. Bc4 h6 4. Nc3 a6 5. a4 Bg4 6. h3 Bh5 7. d3 Nc6 8. g4 Bg6
9. Nd5 Nf6 10. O-O Nxd5 11. Bxd5 Qd7 12. Bd2 Be7 13. b4 O-O-O 14. b5 Nb8 15.
bxa6 Nxa6 16. Bc4 Nc5 17. Bb5 c6 18. Bc4 Bh4 19. Nxh4 Bh7 20. a5 Na6 21. Nf5
Bxf5 22. exf5 f6 23. Be6 1-0

[Event "AUTO-OPEN-4619"]
[Site "http://www.queenalice.com/game.php?id=1869535"]
[Date "2026.2.21"]
[Round "2"]
[White "Castling"]
[Black "josebaron"]
[Result "0-1"]
[WhiteElo "1777"]
[BlackElo "2195"]

1. e4 e5 2. Bc4 Nf6 3. d3 Bc5 4. h3 O-O 5. Nf3 Nc6 6. a3 d6 7. Nc3 h6 8. Qe2 Re8
9. Be3 Bxe3 10. Qxe3 Be6 11. O-O-O a6 12. Bxe6 Rxe6 13. Nh2 b5 14. Ng4 Nxg4 15.
hxg4 Rg6 16. f3 Nd4 17. Ne2 c5 18. Nxd4 cxd4 19. Qd2 a5 20. b3 Rc8 21. Kb2 Rc3
22. Ra1 a4 23. Rhc1 Qa5 24. b4 Qd8 25. Qe1 d5 26. Qe2 Rgc6 27. Ra2 Qg5 28. Qd1
dxe4 29. fxe4 Qf4 30. Qf3 Rb3+ 0-1

[Event "AUTO-OPEN-4641"]
[Site "http://www.queenalice.com/game.php?id=1869894"]
[Date "2026.2.27"]
[Round "1"]
[White "Castling"]
[Black "Carlos19"]
[Result "0-1"]
[WhiteElo "1774"]
[BlackElo "1778"]

1. e4 e5 2. Bc4 Bc5 3. Nf3 h6 4. Nxe5 Qf6 5. Bxf7+ Ke7 6. O-O Qxe5 7. Bxg8 Rxg8
8. c3 Qxe4 9. Kh1 d6 10. Re1 Bf5 11. Rxe4+ Bxe4 12. d3 Bc6 13. Qe2+ Kd8 14. d4
Re8 15. Qd2 Bb6 16. Na3 Ba5 17. b4 Bb6 18. Nc4 Bd5 19. Nxb6 axb6 20. a3 b5 21.
Qe3 Rxe3 22. Bxe3 Nd7 23. Bc1 b6 24. Bb2 Ke7 25. Re1+ Kf6 26. Bc1 c5 27. Bf4
cxd4 28. Bxd6 dxc3 29. Bc7 Rxa3 30. Bd8+ Kf5 31. Bxb6 Nxb6 32. h3 Nc4 33. Re7
Kg6 34. Re2 Rb3 35. Rc2 Be4 36. Re2 Bd3 37. Re6+ Kh7 38. Re1 c2 39. Kh2 Rb1 40.
Rxb1 cxb1=Q 0-1

[Event "AUTO-OPEN-4641"]
[Site "http://www.queenalice.com/game.php?id=1869895"]
[Date "2026.2.27"]
[Round "1"]
[White "Carlos19"]
[Black "Castling"]
[Result "1-0"]
[WhiteElo "1820"]
[BlackElo "1787"]

1. e4 e5 2. Bc4 Nf6 3. Nc3 a6 4. Nf3 h6 5. Nxe5 d5 6. Bxd5 Nxd5 7. Nxd5 Be6 8.
Nf4 Bd6 9. Nxe6 fxe6 10. Qh5+ Ke7 11. Qf7# 1-0

[Event "AUTO-OPEN-4641"]
[Site "http://www.queenalice.com/game.php?id=1869896"]
[Date "2026.2.27"]
[Round "1"]
[White "Castling"]
[Black "Pipo712"]
[Result "0-1"]
[WhiteElo "1732"]
[BlackElo "2117"]

1. e4 c5 2. Bc4 e6 3. d3 a6 4. Nf3 Nc6 5. a3 d6 6. Nc3 Nf6 7. h3 Qc7 8. Bg5 Be7
9. Qd2 b5 10. Ba2 O-O 11. O-O-O Bb7 12. Rhe1 Rac8 13. Qe2 Qa5 14. Bd2 Qb6 15. g4
Nd4 16. Nxd4 cxd4 17. Nb1 Rc7 18. f4 Rfc8 19. Bb3 a5 20. g5 Ne8 21. h4 a4 22. c3
axb3 23. Qf3 b4 24. a4 bxc3 25. bxc3 dxc3 26. Nxc3 Rxc3+ 27. Bxc3 Rxc3+ 28. Kb2
Rc2+ 29. Kb1 Qd4 0-1

[Event "AUTO-OPEN-4641"]
[Site "http://www.queenalice.com/game.php?id=1869897"]
[Date "2026.2.27"]
[Round "1"]
[White "Pipo712"]
[Black "Castling"]
[Result "1-0"]
[WhiteElo "2111"]
[BlackElo "1761"]

1. e4 e5 2. Nf3 d6 3. d4 Bg4 4. dxe5 Bxf3 5. Qxf3 dxe5 6. Nc3 Bb4 7. Bd2 a6 8.
O-O-O Qe7 9. Kb1 Nf6 10. g4 Nbd7 11. g5 Ng8 12. Nd5 Qc5 13. Bxb4 Qc6 14. Qc3
Qxc3 15. Bxc3 O-O-O 16. f4 f6 17. gxf6 Ndxf6 18. Bh3+ Kb8 19. Bxe5 Re8 20. Nxc7
1-0

[Event "AUTO-OPEN-4641"]
[Site "http://www.queenalice.com/game.php?id=1869898"]
[Date "2026.2.27"]
[Round "1"]
[White "Castling"]
[Black "IranSilva"]
[Result "1-0"]
[WhiteElo "1730"]
[BlackElo "1880"]

1. e4 e5 2. Bc4 Nf6 3. d3 Bc5 4. h3 O-O 5. Nf3 d6 6. Bg5 Nbd7 7. Nc3 h6 8. Bh4
c6 9. Qd2 Qa5 10. Bxf6 Nxf6 11. a3 Be6 12. Bxe6 fxe6 13. O-O Qd8 14. Nh4 Kh7 15.
b4 1-0

[Event "AUTO-OPEN-4641"]
[Site "http://www.queenalice.com/game.php?id=1869899"]
[Date "2026.2.27"]
[Round "1"]
[White "IranSilva"]
[Black "Castling"]
[Result "0-1"]
[WhiteElo "1858"]
[BlackElo "1752"]

1. d4 d5 2. c4 e6 3. Nc3 Bb4 4. Nf3 Bxc3+ 5. bxc3 h6 6. cxd5 Qxd5 7. Qd3 Nf6 8.
Ba3 Nc6 9. Nd2 Bd7 10. e4 Qa5 11. Nc4 Qg5 12. g3 O-O-O 13. Bg2 Nb8 14. Ne5 Be8
0-1

[Event "AUTO-ADV-4923"]
[Site "http://www.queenalice.com/game.php?id=1870284"]
[Date "2026.3.9"]
[Round "1"]
[White "oniwa"]
[Black "Castling"]
[Result "1-0"]
[WhiteElo "1991"]
[BlackElo "1688"]

1. d4 g6 2. e4 Bg7 3. Nf3 d6 4. Bc4 Bg4 5. Nc3 a6 6. O-O Nf6 7. h3 Bxf3 8. Qxf3
e5 9. Ne2 Nc6 10. d5 Nd4 11. Nxd4 exd4 12. Bg5 Qe7 13. Rfe1 O-O-O 14. Rad1 Qe5
15. Bf4 Qh5 16. Qb3 Nxe4 17. g4 Qh4 18. Rxe4 Rhe8 19. Rxe8 Rxe8 20. Kg2 f5 21.
Bg3 Qf6 22. f4 b5 23. Bf1 Re3 24. Rd3 Rxd3 25. Bxd3 Qe7 26. g5 Qe3 27. h4 Qd2+
28. Kf3 Qa5 29. Ke2 Kd7 30. Be1 Qb6 31. c4 b4 32. Bxb4 1-0

[Event "AUTO-ADV-4923"]
[Site "http://www.queenalice.com/game.php?id=1870285"]
[Date "2026.3.9"]
[Round "1"]
[White "Castling"]
[Black "oniwa"]
[Result "0-1"]
[WhiteElo "1704"]
[BlackElo "1963"]

1. e4 e5 2. Bc4 Nf6 3. d3 Bb4+ 4. Bd2 Bc5 5. h3 Nc6 6. a3 d6 7. Nf3 O-O 8. Nc3
a6 9. Bg5 Nd4 10. Qd2 Nxf3+ 11. gxf3 b5 12. Bd5 Rb8 13. O-O-O a5 14. Rdg1 Kh8
15. f4 Bd4 16. Bxf6 Qxf6 17. f5 g6 18. f4 gxf5 19. Rg5 h6 20. Rg2 Qh4 21. fxe5
f4 22. exd6 Be3 23. Qxe3 fxe3 24. Ne2 Bg4 25. dxc7 Rbc8 26. Rxg4 Qf2 27. Kd1 Qf3
28. Rhg1 Rxc7 29. b3 Qf6 30. Nc1 Qf2 31. e5 Qxc2+ 0-1

[Event "AUTO-ADV-4923"]
[Site "http://www.queenalice.com/game.php?id=1870300"]
[Date "2026.3.9"]
[Round "1"]
[White "Castling"]
[Black "Capixaba789"]
[Result "0-1"]
[WhiteElo "1746"]
[BlackElo "1837"]

1. e4 e5 2. Bc4 Nc6 3. Nf3 Be7 4. a3 d6 5. h3 f5 6. d3 Nf6 7. Nc3 f4 8. Qe2 Bd7
9. Bd2 Bf8 10. Nd5 Nd4 11. Nxf6+ Qxf6 12. Bd5 Nxe2 13. Kxe2 Be7 14. Rae1 c6 15.
Bb3 h6 16. Kd1 O-O-O 17. Kc1 g5 18. Nh2 Be6 19. Bxe6+ Qxe6 20. Kb1 Kb8 21. Ng4
h5 22. Nh2 d5 23. f3 dxe4 24. Rxe4 Bf6 25. Rhe1 Rd5 26. Ka1 Rhd8 27. Nf1 Rc5 28.
Bc3 Qd5 29. Bxe5+ Bxe5 30. Rxe5 Qxe5 31. Rxe5 Rxe5 0-1

[Event "AUTO-ADV-4923"]
[Site "http://www.queenalice.com/game.php?id=1870301"]
[Date "2026.3.9"]
[Round "1"]
[White "Capixaba789"]
[Black "Castling"]
[Result "1/2-1/2"]
[WhiteElo "1824"]
[BlackElo "1730"]

1. d4 d5 2. Nc3 e6 3. f4 a6 4. e3 Nf6 5. Nf3 h6 6. Bd3 Bb4 7. Bd2 Nc6 8. O-O Bd6
9. Ne5 Ne4 10. Nxe4 dxe4 11. Bxe4 Nxe5 12. fxe5 Be7 13. Qf3 O-O 14. c3 c5 15. d5
c4 16. d6 Bg5 17. Bxb7 Bxb7 18. Qxb7 Qb8 19. Qxb8 Raxb8 20. Bc1 Rb5 21. a4 Rxe5
22. Rd1 Bxe3+ 23. Bxe3 Rxe3 24. d7 Rd3 25. Rxd3 cxd3 26. Rd1 Rd8 27. Rxd3 Kf8
28. c4 Ke7 29. Kf2 Rxd7 30. Rxd7+ Kxd7 31. Ke3 Kc6 32. Ke4 f6 33. b4 Kb6 34. c5+
Kc6 35. a5 g6 36. g4 f5+ 37. gxf5 exf5+ 38. Ke5 h5 39. Kf4 Kb5 40. h4 Kc6 41.
Ke5 Kd7 42. Kf4 Ke6 43. Kg5 Kd5 44. Kf4 Kc6 1/2-1/2

[Event "AUTO-ADV-4923"]
[Site "http://www.queenalice.com/game.php?id=1870302"]
[Date "2026.3.9"]
[Round "1"]
[White "Castling"]
[Black "matamuff"]
[Result "0-1"]
[WhiteElo "1698"]
[BlackElo "1847"]

1. e4 d6 2. Bb5+ c6 3. Bc4 g6 4. Nf3 Bg7 5. h3 e6 6. d4 Nd7 7. Nc3 Ne7 8. Bf4
Nb6 9. Bd3 d5 10. Be5 f6 11. Bg3 Nd7 12. Qd2 Nb6 13. a3 dxe4 14. Nxe4 O-O 15.
O-O-O Nf5 16. Bh2 Re8 17. g4 Nh6 18. Rhe1 Nf7 19. Bf4 Nd5 20. h4 Nxf4 21. Qxf4
e5 22. Qg3 Qb6 23. Bc4 Be6 24. Bxe6 Rxe6 25. dxe5 fxe5 26. Neg5 e4 27. Nxe4 Rd8
28. Nf6+ Rxf6 29. Rxd8+ Qxd8 30. Ng5 Nxg5 31. hxg5 Rf8 32. Qb3+ Qd5 33. Qxd5+
cxd5 34. Re2 Rf7 35. Re8+ Bf8 36. Rd8 Kg7 37. Rxd5 Rxf2 38. Rd7+ Rf7 39. Rxf7+
Kxf7 40. b4 a5 0-1

[Event "AUTO-ADV-4923"]
[Site "http://www.queenalice.com/game.php?id=1870303"]
[Date "2026.3.9"]
[Round "1"]
[White "matamuff"]
[Black "Castling"]
[Result "1/2-1/2"]
[WhiteElo "1867"]
[BlackElo "1772"]

1. Na3 a6 2. Nf3 h6 3. b3 Nc6 4. Bb2 e5 5. e4 Nf6 6. d3 Bb4+ 7. c3 Bd6 8. g3 O-O
9. Bg2 b6 10. O-O Qe7 11. Nc2 a5 12. a4 Bb7 13. Ne3 Qe6 14. Nh4 Ne7 15. Bc1 Nh7
16. Nef5 Nxf5 17. Nxf5 Be7 18. Nxe7+ Qxe7 19. Ba3 d6 20. Bc1 Ba6 21. c4 c5 22.
Be3 Ng5 23. Bxg5 Qxg5 24. Qc1 f6 25. Qxg5 fxg5 26. Rae1 Bc8 27. h3 g4 28. h4 h5
29. Rc1 1/2-1/2

[Event "Challenge"]
[Site "http://www.queenalice.com/game.php?id=1871094"]
[Date "2026.3.28"]
[Round "-"]
[White "jogo"]
[Black "Castling"]
[Result "0-1"]
[WhiteElo "1498"]
[BlackElo "1730"]

1. e4 e5 2. Nf3 d6 3. d4 Bg4 4. dxe5 Bxf3 5. Qxf3 dxe5 6. Bc4 Nf6 7. Qb3 Qd7 8.
f3 Bd6 9. O-O O-O 10. a4 Nc6 11. Qd3 Nd4 12. c3 Ne6 0-1

[Event "Challenge"]
[Site "http://www.queenalice.com/game.php?id=1871095"]
[Date "2026.3.28"]
[Round "-"]
[White "Castling"]
[Black "jogo"]
[Result "0-1"]
[WhiteElo "1758"]
[BlackElo "1414"]

1. e4 c5 2. Bc4 e6 3. Nf3 Nc6 4. a3 d5 5. Bb5 dxe4 6. Bxc6+ bxc6 7. Ne5 Qd5 8.
Qh5 g6 9. Qg5 Be7 10. Qg3 Bd6 11. Nc3 Qxe5 12. Qxe5 Bxe5 13. Nxe4 c4 14. c3 Nf6
15. Nxf6+ Bxf6 16. O-O O-O 17. d4 e5 18. Be3 exd4 19. Bh6 Bg7 20. Bxg7 Kxg7 21.
cxd4 Rb8 22. Ra2 Bf5 23. Rc1 Rfd8 24. Rxc4 Be6 25. b3 Bxc4 26. bxc4 Rb1# 0-1